| 000 | 00000nam##2200000za#4500 |
| 001 | 9.697705 |
| 003 | CaOODSP |
| 005 | 20210624235611 |
| 007 | cr ||||||||||| |
| 008 | 150407|2010||||xxc|||||o f|0| 0 eng|d |
| 040 | |aCaOODSP|beng |
| 043 | |an-cn--- |
| 086 | 1 |aE77-2/7-2010E-PDF |
| 110 | 1 |aCanada.|bForeign Affairs and International Trade. |bPassport Office. |
| 245 | 10|aWhat Passport Canada heard from Canadians : |h[electronic resource]|bpublic consultations findings report |
| 260 | |aOttawa - Ontario : |bForeign Affairs and International Trade. |c2010. |
| 300 | |a47p.|bglossary, graphs, photographs |
| 590 | |a13-11-Supp|b2013-04-26 |
| 690 | 07|aBusiness plans|2gcpds |
| 775 | 08|tPassport Canada à l'écoute des Canadiens : |w(CaOODSP)9.641733 |
| 856 | 40|ahttp://publications.gc.ca|qPDF|s810 KB|uhttps://publications.gc.ca/collections/collection_2013/aecic-faitc/E77-2-7-2010-eng.pdf |